Computer simulation experiments with models of economic systems / (Record no. 42937)
[ view plain ]
| 000 -LEADER | |
|---|---|
| fixed length control field | 00996nam a2200301 a 4500 |
| 001 - CONTROL NUMBER | |
| control field | 42937 |
| 003 - CONTROL NUMBER IDENTIFIER | |
| rucl marc code | BD-RjUL |
| 005 - DATE AND TIME OF LATEST TRANSACTION | |
| control field | 20211209053623.0 |
| 008 - FIXED-LENGTH DATA ELEMENTS--GENERAL INFORMATION | |
| fixed length control field | 160618s1971 nyua b 001 0 eng |
| 020 ## - INTERNATIONAL STANDARD BOOK NUMBER | |
| International Standard Book Number | 0471630705 |
| 035 ## - SYSTEM CONTROL NUMBER | |
| System control number | (BD-RjUL)43055 |
| System control number | 1140287 |
| 040 ## - CATALOGING SOURCE | |
| Original cataloging agency | LC |
| Language of cataloging | eng |
| Transcribing agency | LC |
| Modifying agency | ABN-SNR |
| 041 ## - LANGUAGE CODE | |
| Language code of text/sound track or separate title | eng |
| 082 04 - DEWEY DECIMAL CLASSIFICATION NUMBER | |
| Classification number | 330.0724 |
| Edition number | 19 |
| Author mark and year | NAC 1971 |
| 100 1# - MAIN ENTRY--PERSONAL NAME | |
| Personal name | Naylor, Thomas H., |
| Dates associated with a name | 1936- |
| 9 (RLIN) | 131867 |
| 245 10 - TITLE STATEMENT | |
| Title | Computer simulation experiments with models of economic systems / |
| Statement of responsibility, etc. | [by] Thomas H. Naylor. With contributions by: James M. Boughton [and others]. |
| 260 ## - PUBLICATION, DISTRIBUTION, ETC. (IMPRINT) | |
| Place of publication, distribution, etc. | New York : |
| Name of publisher, distributor, etc. | Wiley, |
| Date of publication, distribution, etc. | 1971 |
| 300 ## - PHYSICAL DESCRIPTION | |
| Pagination | xviii, 502 p. : |
| Illustrations | illus.; |
| Size | 24 cm. |
| 504 ## - BIBLIOGRAPHY, ETC. NOTE | |
| Bibliography, etc | Includes bibliographies. |
| 650 #0 - SUBJECT ADDED ENTRY--TOPICAL TERM | |
| Topical term or geographic name as entry element | Economics |
| General subdivision | Mathematical models. |
| 9 (RLIN) | 131868 |
| Topical term or geographic name as entry element | Industrial management |
| General subdivision | Mathematical models. |
| 9 (RLIN) | 131027 |
| Topical term or geographic name as entry element | Digital computer simulation. |
| 9 (RLIN) | 119404 |
| 700 1# - ADDED ENTRY--PERSONAL NAME | |
| Personal name | Boughton, James M. |
| 942 ## - ADDED ENTRY ELEMENTS (KOHA) | |
| Source of classification or shelving scheme | Dewey Decimal Classification |
| Koha item type | Books |
| Lost status | Source of classification or shelving scheme | Damaged status | Not for loan | Collection code | Permanent Location | Current Location | Shelving location | Date acquired | Source of acquisition | Cost, normal purchase price | Total Checkouts | Full call number | Date last seen | Copy number | Koha item type |
|---|---|---|---|---|---|---|---|---|---|---|---|---|---|---|---|
| Dewey Decimal Classification | Non-fiction | Central Library, University of Rajshahi | Central Library, University of Rajshahi | 31/05/1974 | Notional Book agency | 140.00 | 330.0724 NAC 1971 | 18/06/2016 | C-2 | Books |